| 000 | 02524cam a22004697a 4500 | ||
|---|---|---|---|
| 001 | 7865621 | ||
| 003 | OSt | ||
| 005 | 20211014162139.0 | ||
| 006 | m d | ||
| 007 | cr n | ||
| 008 | 070717s2006 ne a sb 001 0 eng d | ||
| 015 |
_aGBA677361 _2bnb |
||
| 016 | 7 |
_a97963069X _2GyFmDB |
|
| 016 | 7 |
_a013535339 _2Uk |
|
| 020 | _a9781402046957 (hd.bd.) | ||
| 035 | _a(WaSeSS)ssj0000200191 | ||
| 038 | _akhadija | ||
| 040 |
_aOHX _cOHX _dBAKER _dUKM _dHNK _dCVM _dXTL _dYDXCP _dDLC _dWaSeSS |
||
| 042 | _alccopycat | ||
| 050 | 4 |
_aTJ163.12 _b.P74 2006 |
|
| 072 | 7 |
_aTJ _2lcco |
|
| 082 | 0 | 4 |
_a621 _222 _bPRE |
| 100 | 1 |
_aPreumont, André. _983030 |
|
| 210 | 1 | 0 | _aMechatronics |
| 245 | 1 | 0 |
_aMechatronics : _bDynamics of Electromechanical and Piezoelectric Systems / _cby A. Preumont. |
| 260 |
_aDordrecht : _bSpringer, _cc2006. |
||
| 490 | 1 |
_aSolid mechanics and its applications ; _vv. 136 |
|
| 504 | _aIncludes bibliographical references and index. | ||
| 505 | 0 | _aLagrangian dynamics of mechanical systems -- Dynamics of electrical networks -- Electromechanical systems -- Piezoelectric systems -- Piezoelectric laminates -- Active and passive damping with piezoelectric transducers. | |
| 506 | _aLicense restrictions may limit access. | ||
| 520 | _aThis volume treats Lagrange's equations for electromechanical systems, including piezoelectric tranducers and selected applications. It is essentially an extension to piezoelectric systems of the work by Crandall et al.: Dynamcs of Mechanical and Electromechanical Sysyems, McGraw-Hill, published in 1968. The first three chapters contain classical meterial based on this and other well-known standard texts in the field, such as Methods of Analltical Dynamics by L. Meirovitch, McGraw-Hill, 1970. Some applications are new (e.g. geophone). Chapters 4 to 6 consist of new material which has not been published in a mongraph before. They deal with piezoelectric systems in a unified way, starting from a lagrangian approach. | ||
| 563 | _aHardcover | ||
| 650 | 0 |
_aMechatronics. _935774 |
|
| 650 | 0 |
_aDynamics. _97202 |
|
| 650 | 0 |
_aPiezoelectric transducers. _983160 |
|
| 650 | 0 |
_aElectromechanical devices. _983161 |
|
| 773 | 0 | _tSpringerLink ebooks - Engineering (2006) | |
| 830 | 0 |
_aSolid mechanics and its applications ; _vv. 136 _983162 |
|
| 856 | 4 | 0 |
_uhttp://www.columbia.edu/cgi-bin/cul/resolve?clio7865621 _zFull text available from SpringerLink ebooks - Engineering (2006) |
| 910 | _aLibrary of Congress record | ||
| 942 |
_2ddc _cBK |
||
| 999 |
_c31944 _d31944 |
||